LEADER 01205nam a2200205 i 4500 001 000000215958 003 CaOOAMICUS 005 20120925000000.0 008 120925s1827 it u000 u ita u 013 $a194833 040 $aSeMil$bita 245 10$a[2]. 300 $a[8] p., P. 513-1054, [2], [1] carta di tav. :$bill. 490 0 $aCollana degli antichi storici greci volgarizzati 500 $aContiene : Della potenza del dire di Demostene; Risposta all'epistola di Gneo Pompeo; Che Demostene non apprese da Aristotele i precetti di eloquenza; Epistola intorno alle singolarità di Tucidide; Del sublime; Della collocazione delle parole; Appendice al trattato Della collocazione delle parole; Appendice al trattato Del sublime. 773 0 $aDionysius : Halicarnassensis $tOpuscoli di Dionigi d'Alicarnasso.$dMilano : Tipi di Francesco Sonzogno di Gio. Batt., 1827.$kCollana degli antichi storici greci volgarizzati$g2$w()27389 830 0$aCollana degli antichi storici greci volgarizzati.$0(OLS)http://semarc/title/35953 850 $aSeMil 852 $aSeMil$W1$xVenegono$y1$m1Z VI 92 FA$j166378$B166378$CSeMilBibl$Z2$F177289 $8I 996 $6245$a[2]$9(OLS)http://semarc/title/54267 LEADER 01246nam a2200313 i 4500 001 000000111580 003 CaOOAMICUS 005 20260220095728.0 008 030123s1996 it u000 u ita u 013 $a84262 020 $a88-459-1209-4 040 $aSeMil$bita 100 1 $aWeil, Simone,$d<1909-1943>.$0(OLS)http://semarc/name/8684 240 10$aLettres à un religieux.$0(OLS)http://semarc/title/162456 245 10$aLettera a un religioso /$cSimone Weil ; a cura di Giancarlo Gaeta. 260 $aMilano :$bAdelphi,$c1996. 300 $a132 p. ;$c18 cm. 490 0 $aPiccola Biblioteca Adelphi ;$v370 650 4$aCristianesimo.$0(OLS)http://semarc/subject/425 700 1 $aGaeta, Giancarlo,$d<1942- >.$0(OLS)http://semarc/name/8707 830 0$aPiccola biblioteca Adelphi ;$v370.$0(OLS)http://semarc/title/7074 850 $aSeMil 852 $aSeMil$W1$xVenegono$y1$m2D I 167$j67404$B67404$CSeMilBibl$Z2$F101353 $81 941 1 $a4 961 $aOmaggio: Martini Card. Carlo Maria 996 $6020$a88-459-1209-4$9(OLS)http://semarc/number/93824 996 $6245$aLettera a un religioso$9(OLS)http://semarc/title/162455 996 $6260$aMilano :$bAdelphi$9(OLS)http://semarc/publisher/30018